[Event "FIDE Women's Grand Prix Lopota"]
[Site "Lopota GEO"]
[Date "2014.06.25"]
[EventDate "2014.06.19"]
[Round "6"]
[Result "1/2-1/2"]
[White "Antoaneta Stefanova"]
[Black "Elina Danielian"]
[WhiteElo "2488"]
[BlackElo "2460"]
[PlyCount "39"]

1. d4 d5 2. c4 c6 3. Nf3 Nf6 4. Nc3 e6 5. e3 Nbd7 6. Qc2 Bd6
7. b3 b6 8. Be2 O-O 9. O-O Bb7 10. Bb2 Rc8 11. e4 dxe4
12. Nxe4 Nxe4 13. Qxe4 Qe7 14. Rfe1 Nf6 15. Qc2 Bb4 16. Red1
Bd6 17. Re1 Bb4 18. Red1 Bd6 19. Re1 Bb4 20. Red1 1/2-1/2

[Event "FIDE Women's Grand Prix Lopota"]
[Site "Lopota GEO"]
[Date "2014.06.26"]
[EventDate "2014.06.19"]
[Round "7"]
[Result "1-0"]
[White "Ju Wenjun"]
[Black "Antoaneta Stefanova"]
[WhiteElo "2532"]
[BlackElo "2488"]
[PlyCount "55"]

1. Nf3 g6 2. d4 Bg7 3. g3 d6 4. Bg2 Nd7 5. c4 e5 6. Nc3 Ne7
7. O-O O-O 8. h3 Nb6 9. dxe5 Nxc4 10. exd6 Qxd6 11. Qb3 Be6
12. Rd1 Qc5 13. Ng5 Rad8 14. Rxd8 Rxd8 15. Nxe6 fxe6 16. Ne4
Qd4 17. Bg5 Kf7 18. Rc1 b5 19. Qxb5 Nd6 20. Nxd6+ cxd6 21. Rc4
Rb8 22. Qxb8 Qxc4 23. Qxd6 Ng8 24. Qd7+ Kf8 25. Bc6 Be5
26. Be3 Bxb2 27. Bf4 e5 28. Bd5 1-0

[Event "FIDE Women's Grand Prix Lopota"]
[Site "Lopota GEO"]
[Date "2014.06.27"]
[EventDate "2014.06.19"]
[Round "8"]
[Result "1-0"]
[White "Antoaneta Stefanova"]
[Black "Nafisa Muminova"]
[WhiteElo "2488"]
[BlackElo "2332"]
[PlyCount "82"]

1. Nf3 d5 2. g3 Bg4 3. Bg2 c6 4. O-O Nd7 5. d4 e6 6. Nbd2 Ngf6
7. Re1 Be7 8. e4 dxe4 9. Nxe4 O-O 10. c3 Qb6 11. Qb3 Rfe8
12. Nxf6+ Nxf6 13. Ne5 Bf5 14. Nc4 Qa6 15. a4 Nd5 16. Bf1 b5
17. Ne5 Rab8 18. g4 Bg6 19. Bd2 Qb7 20. axb5 cxb5 21. Qa2 Ra8
22. Qa6 Qxa6 23. Rxa6 Nc7 24. Rc6 Rec8 25. Bg2 Rab8 26. Bf4
Bd8 27. Nd7 Ra8 28. Rc5 Ne8 29. Bxa8 Rxa8 30. Rxb5 Nc7 31. Rb8
Rxb8 32. Nxb8 Nd5 33. Bd6 Nf6 34. f3 Bb6 35. Nc6 Bd3 36. Ra1
h5 37. g5 Nd7 38. Kg2 f6 39. gxf6 gxf6 40. b3 Bc2 41. c4 Bxb3
1-0

[Event "FIDE Women's Grand Prix Lopota"]
[Site "Lopota GEO"]
[Date "2014.06.29"]
[EventDate "2014.06.19"]
[Round "9"]
[Result "0-1"]
[White "Nana Dzagnidze"]
[Black "Antoaneta Stefanova"]
[WhiteElo "2541"]
[BlackElo "2488"]
[PlyCount "112"]

1. d4 d5 2. c4 c6 3. Nf3 Nf6 4. Nc3 e6 5. e3 a6 6. b3 Bb4
7. Bd2 Nbd7 8. Bd3 O-O 9. O-O Bd6 10. e4 dxc4 11. bxc4 e5
12. c5 Bc7 13. Bg5 exd4 14. Na4 Re8 15. Qc2 Nf8 16. e5 h6
17. exf6 hxg5 18. fxg7 Kxg7 19. Rfe1 Bg4 20. Rxe8 Qxe8 21. Re1
Qd8 22. Nd2 Qf6 23. Rb1 Ne6 24. Nf1 Rh8 25. f3 Bh5 26. Rxb7 g4
27. fxg4 Bxg4 28. Qf2 Qe5 29. Nb6 Qxc5 30. Nd7 Qg5 31. Rxc7
Nxc7 32. Qxd4+ f6 33. Nxf6 Qxf6 34. Qxg4+ Kf8 35. Qc8+ Ne8
36. Qxa6 Qd4+ 37. Kh1 Nf6 38. Bf5 c5 39. h3 Qe5 40. Bd3 Kg7
41. Qb7+ Kf8 42. Bc4 Rh7 43. Qc8+ Kg7 44. a4 Rh4 45. Qb7+ Kh6
46. Qb3 Qe4 47. Bb5 c4 48. Qa3 Rf4 49. Ng3 Qe1+ 50. Kh2 Qe5
51. Qc1 Kg7 52. a5 Rh4 53. Bd7 Nxd7 54. a6 c3 55. Qa3 Nf6
56. Kh1 Qe1+ 0-1

[Event "FIDE Women's Grand Prix Lopota"]
[Site "Lopota GEO"]
[Date "2014.07.01"]
[EventDate "2014.06.19"]
[Round "11"]
[Result "1/2-1/2"]
[White "Dronavalli Harika"]
[Black "Antoaneta Stefanova"]
[WhiteElo "2503"]
[BlackElo "2488"]
[PlyCount "45"]

1. c4 c6 2. Nf3 d5 3. e3 Nf6 4. Nc3 e6 5. d4 a6 6. c5 Nbd7
7. b4 b6 8. Bb2 a5 9. a3 Be7 10. Bd3 O-O 11. O-O Ba6 12. Ne1
e5 13. Bxa6 Rxa6 14. Qe2 Ra8 15. Nd3 e4 16. Nf4 Qb8 17. Rab1
axb4 18. axb4 bxc5 19. bxc5 Qb3 20. Ba1 Qa3 21. Bb2 Qb3
22. Ba1 Qa3 23. Bb2 1/2-1/2

[Event "European Individual Women's Championship"]
[Site "Plovdiv BUL"]
[Date "2014.07.06"]
[EventDate "2014.07.06"]
[Round "1.7"]
[Result "1-0"]
[White "Antoaneta Stefanova"]
[Black "Lanita Stetsko"]
[WhiteElo "2488"]
[BlackElo "2245"]
[PlyCount "59"]

1. Nf3 Nf6 2. g3 d5 3. Bg2 e6 4. O-O Be7 5. d3 c5 6. Nbd2 Nc6
7. e4 O-O 8. Re1 Qc7 9. Nf1 d4 10. e5 Nd7 11. Bf4 Rb8 12. h4
b5 13. h5 Bb7 14. h6 g6 15. N1h2 Nb4 16. Ng4 Nd5 17. Bg5 Bc6
18. Bxe7 Nxe7 19. Ng5 Bxg2 20. Kxg2 Nf5 21. Qf3 Qb7 22. Ne4 c4
23. Qf4 cxd3 24. cxd3 Rfc8 25. Re2 Qb6 26. Ngf6+ Nxf6
27. Nxf6+ Kh8 28. g4 Qc6+ 29. Ne4 Rg8 30. Qg5 1-0

[Event "European Individual Women's Championship"]
[Site "Plovdiv BUL"]
[Date "2014.07.07"]
[EventDate "2014.07.06"]
[Round "2.5"]
[Result "1/2-1/2"]
[White "Julia Kochetkova"]
[Black "Antoaneta Stefanova"]
[WhiteElo "2333"]
[BlackElo "2488"]
[PlyCount "82"]

1. e4 e5 2. Nf3 Nc6 3. d4 exd4 4. Nxd4 Bb4+ 5. c3 Bc5 6. Be3
Bb6 7. Nf5 Bxe3 8. Nxe3 Nf6 9. f3 O-O 10. Be2 d6 11. O-O Be6
12. c4 Nd7 13. Nc3 Nc5 14. Ncd5 a5 15. Qd2 f6 16. Bd1 Bf7
17. Bc2 Rb8 18. Rad1 b5 19. cxb5 Rxb5 20. Qc3 Nb4 21. Bb1 Na4
22. Qb3 Nxb2 23. Qxb2 Nxd5 24. Qxb5 Nxe3 25. Qxa5 Qb8 26. Bd3
Nxd1 27. Rxd1 c6 28. Rb1 Qa8 29. Qxa8 Rxa8 30. Rb6 Bxa2
31. Rxc6 d5 32. exd5 Bxd5 33. Rc7 Rd8 34. Bc4 Bxc4 35. Rxc4
Rd5 36. Kf2 h5 37. h4 Kf7 38. Rc7+ Kg6 39. Ra7 Rb5 40. Rc7 Rd5
41. Ra7 Rb5 1/2-1/2

[Event "Chess Olympiad (Women)"]
[Site "Tromso NOR"]
[Date "2014.08.03"]
[EventDate "2014.08.02"]
[Round "2.11"]
[Result "0-1"]
[White "Monika Machlik"]
[Black "Antoaneta Stefanova"]
[WhiteElo "2081"]
[BlackElo "2505"]
[PlyCount "80"]

1. d4 d6 2. c4 g6 3. Nc3 Bg7 4. e4 e5 5. Be3 exd4 6. Bxd4 Nf6
7. f4 Nc6 8. Nf3 O-O 9. Be2 Re8 10. Qd3 Nxd4 11. Nxd4 Nd7
12. Rd1 Nc5 13. Qf3 c6 14. b4 Nd7 15. Qd3 a5 16. bxa5 Nc5
17. Qc2 Bxd4 18. Rxd4 Ne6 19. Rd2 Nxf4 20. O-O Qg5 21. Bf3
Rxa5 22. Kh1 Qe5 23. Rfd1 Rd8 24. Ne2 Nxe2 25. Rxe2 Be6
26. Red2 Rc5 27. Qb1 Rd7 28. Rb2 b5 29. cxb5 cxb5 30. Be2 Bc4
31. Bxc4 bxc4 32. Rb8+ Kg7 33. Ra8 c3 34. Qb8 Kh6 35. Qf8+ Qg7
36. Qb8 c2 37. Rc1 Qd4 38. Qb3 Qd2 39. Qh3+ Rh5 40. Rg1 Rxh3
0-1

[Event "Chess Olympiad (Women)"]
[Site "Tromso NOR"]
[Date "2014.08.05"]
[EventDate "2014.08.02"]
[Round "4.9"]
[Result "1-0"]
[White "Antoaneta Stefanova"]
[Black "Monika (Bobrowska) Socko"]
[WhiteElo "2505"]
[BlackElo "2470"]
[PlyCount "81"]

1. d4 g6 2. e4 d6 3. Nc3 Bg7 4. Be3 a6 5. Qd2 b5 6. h4 h5
7. f3 Nd7 8. Nh3 Bb7 9. Ng5 Nb6 10. a4 b4 11. Nd1 a5 12. Bb5+
c6 13. Be2 e6 14. c3 bxc3 15. bxc3 Ba6 16. Bxa6 Rxa6 17. Qd3
Qc8 18. Bf4 d5 19. Rb1 Ne7 20. Bd6 Bf6 21. Ne3 Nd7 22. e5 Bxg5
23. hxg5 Ra8 24. c4 Qd8 25. f4 Nc8 26. Ba3 Ne7 27. Kf2 Kf8
28. cxd5 exd5 29. e6 fxe6 30. Qxg6 c5 31. Qxe6 Qc7 32. g6
Qxf4+ 33. Ke2 Ke8 34. Qxe7+ Kxe7 35. Nxd5+ Ke6 36. Nxf4+ Kf5
37. g7 Rhg8 38. Kf3 cxd4 39. Rxh5+ Kf6 40. Bb2 Ne5+ 41. Ke4
1-0

[Event "Chess Olympiad (Women)"]
[Site "Tromso NOR"]
[Date "2014.08.06"]
[EventDate "2014.08.02"]
[Round "5.21"]
[Result "1-0"]
[White "Antoaneta Stefanova"]
[Black "Chardine Cheradee Camacho"]
[WhiteElo "2505"]
[BlackElo "2214"]
[PlyCount "89"]

1. d4 Nf6 2. c4 c5 3. d5 e6 4. Nf3 d6 5. Nc3 exd5 6. cxd5 g6
7. Bf4 a6 8. a4 Bg7 9. h3 O-O 10. e3 Qe7 11. Nd2 Nbd7 12. Be2
Ne8 13. O-O g5 14. Bh2 f5 15. Nc4 Ne5 16. Nb6 Rb8 17. Qd2 Bh6
18. f4 Nd7 19. Nxc8 Rxc8 20. Bd3 Ng7 21. Rae1 c4 22. Bc2 gxf4
23. exf4 Qh4 24. Ne2 Rc5 25. Bg3 Qd8 26. Bf2 Qa5 27. Nc3 Rc7
28. Bd4 Nf6 29. Qf2 Nxd5 30. Rd1 Nxc3 31. bxc3 Re7 32. Qh4 Re6
33. g4 Rg6 34. g5 Ne6 35. Qf2 Bg7 36. Bxg7 Kxg7 37. Qf3 h6
38. h4 hxg5 39. fxg5 Nxg5 40. hxg5 Rxg5+ 41. Kf2 Qb6+ 42. Ke2
f4 43. Rb1 Re8+ 44. Kd1 Qc5 45. Qxb7+ 1-0

[Event "Chess Olympiad (Women)"]
[Site "Tromso NOR"]
[Date "2014.08.08"]
[EventDate "2014.08.02"]
[Round "6.14"]
[Result "1/2-1/2"]
[White "Anna Muzychuk"]
[Black "Antoaneta Stefanova"]
[WhiteElo "2555"]
[BlackElo "2505"]
[PlyCount "45"]

1. e4 d6 2. d4 Nf6 3. Nc3 e5 4. dxe5 dxe5 5. Qxd8+ Kxd8 6. Bg5
c6 7. O-O-O+ Ke8 8. Nf3 Nbd7 9. Bxf6 gxf6 10. Nh4 Nc5 11. g3
Bg4 12. f3 Be6 13. Bg2 Bh6+ 14. Kb1 a5 15. Rhf1 Ke7 16. Nf5+
Bxf5 17. exf5 Rhd8 18. Ne4 Nxe4 19. fxe4 Bd2 20. Rf2 Be3
21. Rff1 Bd2 22. Rf2 Be3 23. Rff1 1/2-1/2

[Event "Chess Olympiad (Women)"]
[Site "Tromso NOR"]
[Date "2014.08.09"]
[EventDate "2014.08.02"]
[Round "7.21"]
[Result "0-1"]
[White "Hanne Goossens"]
[Black "Antoaneta Stefanova"]
[WhiteElo "2178"]
[BlackElo "2505"]
[PlyCount "86"]

1. e4 d6 2. d4 Nf6 3. Nc3 e5 4. Nf3 Nbd7 5. Bc4 Be7 6. O-O O-O
7. Re1 c6 8. a4 a5 9. h3 h6 10. dxe5 dxe5 11. Be3 Bb4 12. Qe2
Re8 13. Red1 Qc7 14. Na2 Bf8 15. Nh4 Nc5 16. Nc3 Ncxe4
17. Nxe4 Nxe4 18. Bxh6 Nd6 19. Be3 Nxc4 20. Qxc4 e4 21. g4 Bd6
22. Kh1 Be6 23. Qe2 c5 24. c4 g6 25. Rg1 Bh2 26. Rgd1 Be5
27. Rab1 Kg7 28. Ng2 Rh8 29. h4 Qc8 30. Bg5 Bxg4 31. Qxe4 Qf5
32. Re1 Rae8 33. Qxf5 Bxf5 34. Rbd1 Bxb2 35. Rxe8 Rxe8 36. Ne3
Be4+ 37. Kg1 Bc6 38. Rd2 Be5 39. Nd5 Bd4 40. Ra2 Re4 41. Bd8
Re1+ 42. Kh2 Rc1 43. Bxa5 Rxc4 0-1

[Event "Chess Olympiad (Women)"]
[Site "Tromso NOR"]
[Date "2014.08.10"]
[EventDate "2014.08.02"]
[Round "8.14"]
[Result "1-0"]
[White "Antoaneta Stefanova"]
[Black "Alexandra Samaganova"]
[WhiteElo "2505"]
[BlackElo "2012"]
[PlyCount "67"]

1. d4 Nf6 2. Nf3 e6 3. e3 b6 4. Bd3 Bb7 5. O-O Be7 6. c4 c5
7. Nc3 O-O 8. d5 d6 9. h3 Na6 10. e4 Nc7 11. Re1 a6 12. a4 Rb8
13. Nh2 Nd7 14. f4 Bh4 15. Re2 Kh8 16. Nf3 f5 17. dxe6 Nxe6
18. exf5 Bxf3 19. fxe6 Bxe2 20. Qxe2 Re8 21. Qg4 Nf8 22. f5
Bf6 23. Nd5 h6 24. Kh1 Nh7 25. Qg6 Nf8 26. Qf7 Nh7 27. Bf4 Rf8
28. Qg6 Rb7 29. Re1 Re8 30. Bxd6 Nf8 31. Bxf8 Rxf8 32. e7 Rxe7
33. Rxe7 Bxe7 34. f6 1-0

[Event "Chess Olympiad (Women)"]
[Site "Tromso NOR"]
[Date "2014.08.11"]
[EventDate "2014.08.02"]
[Round "9.13"]
[Result "1-0"]
[White "Antoaneta Stefanova"]
[Black "Beatriz Irene Franco Valencia"]
[WhiteElo "2505"]
[BlackElo "2210"]
[PlyCount "203"]

1. d4 d6 2. e4 Nf6 3. Nc3 g6 4. Be3 Bg7 5. Qd2 c6 6. f3 Qa5
7. g4 h5 8. g5 Nfd7 9. f4 c5 10. Nf3 Nc6 11. d5 Nb4 12. Be2
Na6 13. O-O Qb4 14. Rab1 O-O 15. Bd3 c4 16. a3 Bxc3 17. bxc3
Qa4 18. Be2 Ndc5 19. Bd4 Bh3 20. Rfc1 Qd7 21. Qe3 Qg4+ 22. Kf2
e5 23. dxe6 Qg2+ 24. Ke1 Rae8 25. Bxc4 Nxe4 26. Qxe4 Bxe6
27. Bf1 Qxf1+ 28. Kxf1 Bh3+ 29. Kf2 Rxe4 30. Nd2 Re7 31. Bxa7
Nc5 32. Re1 Rfe8 33. Rxe7 Rxe7 34. Bb8 Re6 35. Re1 Rxe1
36. Kxe1 d5 37. Be5 Ne4 38. Nb3 Kf8 39. Ke2 Ke7 40. Ke3 Kd7
41. a4 b6 42. a5 bxa5 43. Nxa5 Bg2 44. c4 dxc4 45. Nxc4 Bf1
46. Na5 Nc5 47. c4 Ne6 48. Kd2 Nd8 49. Kc3 Bg2 50. Nb3 Kc6
51. Kb4 Ne6 52. Na5+ Kd7 53. Kb5 Nd8 54. Nb3 Ne6 55. Kb6 Bh1
56. Nc1 Be4 57. Na2 Nd8 58. Nc3 Bh1 59. Nd5 Nc6 60. Bf6 Bf3
61. Kc5 Bh1 62. Ne3 Ke6 63. f5+ gxf5 64. Nd5 Kd7 65. Nf4 Bf3
66. Kb5 Nb8 67. c5 Nc6 68. Kc4 Na5+ 69. Kb4 Nc6+ 70. Kc3 Na7
71. Kd4 Nc6+ 72. Ke3 Bd1 73. Kf2 Nb4 74. Bc3 Na6 75. Nd3 Ba4
76. Bd4 Ke6 77. Nf4+ Kd7 78. Nxh5 Kc6 79. h4 Nxc5 80. Bxc5
Kxc5 81. Nf6 Kd6 82. h5 Ke7 83. h6 Kf8 84. Ke3 f4+ 85. Kxf4
Bc2 86. Ke5 Bb3 87. Nd7+ Kg8 88. Kf6 Ba2 89. Ke7 Bb3 90. Nf6+
Kh8 91. Kf8 Ba2 92. Ng4 Kh7 93. Nf6+ Kh8 94. Ke7 Bb3 95. Ng4
Kg8 96. Kf6 Ba2 97. Ne5 Bb3 98. Nxf7 Bxf7 99. h7+ Kxh7
100. Kxf7 Kh8 101. Kg6 Kg8 102. Kh6 1-0

[Event "Chess Olympiad (Women)"]
[Site "Tromso NOR"]
[Date "2014.08.12"]
[EventDate "2014.08.02"]
[Round "10.7"]
[Result "1/2-1/2"]
[White "Eva Repkova"]
[Black "Antoaneta Stefanova"]
[WhiteElo "2358"]
[BlackElo "2505"]
[PlyCount "74"]

1. e4 e5 2. Bc4 Nf6 3. d3 Nc6 4. Nf3 Bc5 5. O-O h6 6. c3 d6
7. Bb3 O-O 8. Nbd2 a6 9. Re1 Re8 10. Nf1 Ba7 11. Be3 Be6
12. Bxa7 Rxa7 13. Ne3 Ra8 14. Bc2 d5 15. exd5 Nxd5 16. Nc4 f6
17. Nh4 Nf4 18. Ne3 Qd7 19. g3 Nh3+ 20. Kg2 Rad8 21. Nf3 Ne7
22. Bb3 Ng5 23. Nxg5 hxg5 24. Bxe6+ Qxe6 25. Qf3 Nc6 26. Nf5
g6 27. Nd4 Rxd4 28. cxd4 g4 29. Qe4 f5 30. d5 Qd6 31. Qc4 Na5
32. Qc3 Qxd5+ 33. Kg1 Nc6 34. Qc4 Rd8 35. Kf1 Kg7 36. Qxd5
Rxd5 37. Red1 Nb4 1/2-1/2

[Event "Chess Olympiad (Women)"]
[Site "Tromso NOR"]
[Date "2014.08.14"]
[EventDate "2014.08.02"]
[Round "11.1"]
[Result "0-1"]
[White "Kateryna Lahno"]
[Black "Antoaneta Stefanova"]
[WhiteElo "2540"]
[BlackElo "2505"]
[PlyCount "76"]

1. e4 g6 2. d4 Bg7 3. Nf3 d6 4. Bc4 c6 5. Qe2 Nf6 6. O-O O-O
7. e5 Nd5 8. Bb3 Bg4 9. Nbd2 dxe5 10. dxe5 Nd7 11. h3 Bf5
12. Re1 a5 13. Nf1 a4 14. Bc4 b5 15. Bxd5 cxd5 16. Qxb5 Qc7
17. Ne3 e6 18. Nxf5 gxf5 19. Qe2 Rfc8 20. c3 a3 21. bxa3 Ra4
22. Be3 Nxe5 23. Bd4 Nxf3+ 24. Qxf3 Rxa3 25. Re3 f4 26. Bxg7
fxe3 27. Bf6 exf2+ 28. Qxf2 Rxc3 29. Bxc3 Qxc3 30. Re1 Qc5
31. Re3 Kf8 32. Qf4 Qc1+ 33. Kf2 Rc2+ 34. Kg3 Qd2 35. Qf3 Rxa2
36. h4 Qd4 37. Rxe6 Ra4 38. Qf6 Qg4+ 0-1

[Event "Qatar Masters"]
[Site "Doha QAT"]
[Date "2014.11.26"]
[EventDate "2014.11.26"]
[Round "1.3"]
[Result "1-0"]
[White "Shakhriyar Mamedyarov"]
[Black "Antoaneta Stefanova"]
[WhiteElo "2757"]
[BlackElo "2517"]
[PlyCount "119"]

1. d4 d5 2. c4 c6 3. Nf3 Nf6 4. g3 g6 5. Bg2 Bg7 6. O-O O-O
7. Qb3 Qb6 8. Nc3 Bf5 9. Re1 Na6 10. Qxb6 axb6 11. cxd5 cxd5
12. Bg5 Nb4 13. Red1 Rfd8 14. Ne1 h6 15. Bf4 Rd7 16. b3 Ne4
17. Na4 Ra6 18. f3 Nd6 19. Bf1 Nc2 20. Rac1 Nxe1 21. Rxe1 b5
22. Nc5 Bxd4+ 23. e3 Bxc5 24. Rxc5 g5 25. Bxd6 exd6 26. Rxd5
Be6 27. Rd2 Ra5 28. Rc1 Kg7 29. Rcc2 Rd8 30. e4 Rda8 31. Kf2
Kf6 32. Ke3 R8a6 33. f4 gxf4+ 34. gxf4 Rb6 35. Rc7 Rc6
36. Rxb7 Rc3+ 37. Bd3 Bc4 38. h4 Ke6 39. Rb6 Ke7 40. Kd4 Rxd3+
41. Rxd3 Bxd3 42. Kxd3 Kd7 43. Rb7+ Ke6 44. f5+ Kf6 45. Rd7
Ra6 46. Ke3 Kg7 47. h5 Kf6 48. Kf4 Kg7 49. a3 Rxa3 50. Rxd6 f6
51. Rd3 Kf7 52. Ke3 Ke7 53. Kd4 Kd6 54. Ke3+ Ke7 55. Kf4 Ra1
56. Rd5 Rh1 57. Rxb5 Rxh5 58. Rb7+ Kd6 59. Rf7 Rh4+ 60. Ke3
1-0

[Event "Qatar Masters"]
[Site "Doha QAT"]
[Date "2014.11.27"]
[EventDate "2014.11.26"]
[Round "2.55"]
[Result "1/2-1/2"]
[White "Antoaneta Stefanova"]
[Black "Mary Ann Gomes"]
[WhiteElo "2517"]
[BlackElo "2355"]
[PlyCount "61"]

1. d4 e6 2. c4 Nf6 3. Nf3 Bb4+ 4. Nbd2 b6 5. g3 Bb7 6. Bg2 c5
7. a3 Bxd2+ 8. Qxd2 cxd4 9. Qxd4 Nc6 10. Qf4 Na5 11. b4 Nb3
12. Rb1 Nxc1 13. Rxc1 Rc8 14. O-O Qe7 15. Rfd1 O-O 16. Qd6
Qxd6 17. Rxd6 Rfd8 18. Ne5 Bxg2 19. Kxg2 Kf8 20. Rcd1 Ke7
21. b5 Ke8 22. f4 Rc7 23. Kf3 Ng8 24. g4 Ne7 25. g5 Ng6
26. Nxg6 hxg6 27. R6d4 Rdc8 28. R1d3 Rxc4 29. Rxd7 R4c7
30. R7d4 Rc4 31. Rd7 1/2-1/2

[Event "Qatar Masters"]
[Site "Doha QAT"]
[Date "2014.11.28"]
[EventDate "2014.11.26"]
[Round "3.59"]
[Result "1/2-1/2"]
[White "Ernest Kharous"]
[Black "Antoaneta Stefanova"]
[WhiteElo "2358"]
[BlackElo "2517"]
[PlyCount "124"]

1. e4 e5 2. Nf3 Nc6 3. Bb5 a6 4. Ba4 Nge7 5. Nc3 Ng6 6. d3 Bc5
7. Bg5 f6 8. Be3 Bxe3 9. fxe3 O-O 10. h4 d6 11. Bb3+ Kh8
12. h5 Nge7 13. Nh4 Bd7 14. Qf3 f5 15. Qg3 h6 16. exf5 Bxf5
17. e4 Bh7 18. Ng6+ Bxg6 19. hxg6 Nd4 20. Rxh6+ gxh6 21. g7+
Kh7 22. gxf8=Q Qxf8 23. O-O-O Ng6 24. Kb1 Nf4 25. Qg4 Qg7
26. Qxg7+ Kxg7 27. g3 Nh5 28. Nd5 c6 29. Nc7 Rb8 30. Ne6+ Nxe6
31. Bxe6 Kf6 32. Rh1 Kg5 33. Rg1 Ng7 34. Bh3 Rf8 35. b4 b6
36. Kb2 a5 37. bxa5 bxa5 38. Kb3 Rb8+ 39. Ka3 Nh5 40. c3 d5
41. Re1 Kf6 42. Rf1+ Ke7 43. Rf5 Nxg3 44. Rxe5+ Kd6 45. Re6+
Kc7 46. exd5 cxd5 47. Re3 Nh5 48. Re7+ Kd6 49. Re6+ Kc7
50. Rxh6 Nf4 51. Bf1 Rb1 52. Rh1 Rc1 53. Kb3 a4+ 54. Kxa4 Rxc3
55. d4 Rc2 56. Rh7+ Kb6 57. Rh6+ Kc7 58. Rh7+ Kb6 59. Rh6+ Kc7
60. a3 Rd2 61. Rh7+ Kb6 62. Rh6+ Kc7 1/2-1/2

[Event "Qatar Masters"]
[Site "Doha QAT"]
[Date "2014.11.29"]
[EventDate "2014.11.26"]
[Round "4.53"]
[Result "1/2-1/2"]
[White "Antoaneta Stefanova"]
[Black "Pier Luigi Basso"]
[WhiteElo "2517"]
[BlackElo "2335"]
[PlyCount "54"]

1. Nf3 Nf6 2. d4 e6 3. e3 b6 4. Bd3 Bb7 5. O-O c5 6. c4 Be7
7. Nc3 cxd4 8. exd4 d5 9. cxd5 Nxd5 10. Ne5 O-O 11. Qh5 Nf6
12. Qh4 Ne4 13. Qh3 Qxd4 14. Bf4 Nf6 15. Ne2 Qa4 16. Rac1 Ba6
17. Nc4 Rd8 18. Bc7 Rc8 19. Be5 Nbd7 20. b3 Qb4 21. Bb2 Bxc4
22. Bxc4 Qa5 23. Nd4 Qh5 24. Qg3 Qg6 25. Qh3 Qh5 26. Qg3 Qg6
27. Qh3 Qh5 1/2-1/2

[Event "Qatar Masters"]
[Site "Doha QAT"]
[Date "2014.11.30"]
[EventDate "2014.11.26"]
[Round "5.55"]
[Result "1-0"]
[White "Antoaneta Stefanova"]
[Black "Bogdan-Daniel Deac"]
[WhiteElo "2517"]
[BlackElo "2385"]
[PlyCount "59"]

1. Nf3 Nf6 2. g3 g6 3. Bg2 Bg7 4. d4 c5 5. c4 Qa5+ 6. Bd2 Qb6
7. dxc5 Qxc5 8. Qb3 Nc6 9. Nc3 O-O 10. Rc1 d6 11. Na4 Qf5
12. Qa3 Ne4 13. Be3 Qa5+ 14. Nd2 Nf6 15. h3 Bd7 16. Qb3 Rab8
17. Nc3 Rfc8 18. a3 Be6 19. Qb5 Qd8 20. O-O a6 21. Qb6 Qe8
22. Bf4 Nd7 23. Qe3 Bd4 24. Qd3 Bg7 25. Qb1 b5 26. cxb5 axb5
27. Nd5 Nd4 28. Rfe1 Rxc1 29. Qxc1 Rc8 30. Qxc8 1-0

[Event "Qatar Masters"]
[Site "Doha QAT"]
[Date "2014.12.01"]
[EventDate "2014.11.26"]
[Round "6.32"]
[Result "0-1"]
[White "Mateusz Bartel"]
[Black "Antoaneta Stefanova"]
[WhiteElo "2662"]
[BlackElo "2517"]
[PlyCount "62"]

1. e4 e5 2. Nf3 Nc6 3. Bb5 Nf6 4. d3 d6 5. O-O a6 6. Bxc6+
bxc6 7. Nc3 Bg4 8. h3 Bh5 9. Qe2 Nd7 10. Nd1 Nc5 11. Ne3 Ne6
12. Nf5 g6 13. g4 gxf5 14. exf5 Ng7 15. Qe4 Qd7 16. Nd4 f6
17. Nxc6 d5 18. Nxe5 dxe4 19. Nxd7 Kxd7 20. dxe4 Re8 21. f3
Bc5+ 22. Kg2 Bf7 23. Bh6 Rhg8 24. Rad1+ Kc8 25. b3 Re7
26. Rfe1 Be8 27. Bd2 Bc6 28. Bc3 Rf7 29. Bd2 h5 30. Bf4 hxg4
31. hxg4 Nxf5 0-1

[Event "Qatar Masters"]
[Site "Doha QAT"]
[Date "2014.12.03"]
[EventDate "2014.11.26"]
[Round "8.32"]
[Result "1-0"]
[White "Arkadij Naiditsch"]
[Black "Antoaneta Stefanova"]
[WhiteElo "2719"]
[BlackElo "2517"]
[PlyCount "81"]

1. e4 d6 2. d4 Nf6 3. f3 e5 4. d5 Be7 5. c4 h6 6. Bd3 Nh7
7. Ne2 Nd7 8. Nbc3 O-O 9. O-O Nc5 10. Bc2 a5 11. Be3 Bg5
12. Bf2 h5 13. f4 exf4 14. Bxc5 dxc5 15. Nxf4 Bxf4 16. Rxf4
Qg5 17. Qd2 Qe5 18. Raf1 Ra6 19. Qf2 Rf6 20. Ba4 Rxf4 21. Qxf4
Qd4+ 22. Kh1 Qxc4 23. Bb5 Qb4 24. Qxc7 Nf6 25. a4 Qxb2
26. Qxc5 Bg4 27. e5 Rc8 28. Qe7 Qxc3 29. exf6 gxf6 30. d6 Qd4
31. d7 Rf8 32. h3 Be6 33. Rxf6 Qb6 34. Rf3 Qd8 35. Rg3+ Kh7
36. Qd6 h4 37. Bd3+ f5 38. Re3 Bf7 39. Bxf5+ Kg7 40. Re7 Kg8
41. Qh6 1-0

[Event "Qatar Masters"]
[Site "Doha QAT"]
[Date "2014.12.04"]
[EventDate "2014.11.26"]
[Round "9.54"]
[Result "1-0"]
[White "Antoaneta Stefanova"]
[Black "Guillermo Vazquez"]
[WhiteElo "2517"]
[BlackElo "2374"]
[PlyCount "51"]

1. Nf3 Nf6 2. g3 b6 3. Bg2 Bb7 4. O-O g6 5. d3 d5 6. Nbd2 Bg7
7. e4 dxe4 8. dxe4 O-O 9. Qe2 Qc8 10. e5 Nd5 11. c4 Nb4 12. a3
N4c6 13. b4 a5 14. b5 Nd8 15. Bb2 Nd7 16. Bh3 Ne6 17. Ne4 Ra7
18. Rad1 Qa8 19. Bxe6 Bxe4 20. Bd5 Bxd5 21. cxd5 e6 22. dxe6
fxe6 23. Rxd7 Qxf3 24. Qc4 Qf5 25. Re7 Bxe5 26. g4 1-0

[Event "Tradewise Gibraltar"]
[Site "Catalan Bay GIB"]
[Date "2015.01.27"]
[EventDate "2015.01.27"]
[Round "1.62"]
[Result "1-0"]
[White "Antoaneta Stefanova"]
[Black "Pascal Verneuil"]
[WhiteElo "2515"]
[BlackElo "2093"]
[PlyCount "69"]

1. Nf3 d5 2. g3 Bg4 3. Bg2 Nd7 4. d3 Ngf6 5. Nbd2 e5 6. h3 Bh5
7. e4 dxe4 8. dxe4 Bc5 9. O-O O-O 10. Qe1 c6 11. Nc4 Bxf3
12. Bxf3 Qe7 13. Kg2 b5 14. Ne3 g6 15. Ng4 Nxg4 16. hxg4 f6
17. a4 a6 18. c3 Rfd8 19. Bd1 Nf8 20. b4 Bb6 21. Bb3+ Kh8
22. Be3 Bc7 23. Qe2 g5 24. Ra3 Bd6 25. Rfa1 Qe8 26. Qf3 Kg7
27. axb5 axb5 28. Bxg5 fxg5 29. Rxa8 Rxa8 30. Rxa8 Qxa8
31. Qf7+ Kh6 32. Qf6+ Ng6 33. Qxd6 Qa3 34. Bf7 Qxc3 35. Qf6
1-0

[Event "Tradewise Gibraltar"]
[Site "Catalan Bay GIB"]
[Date "2015.01.28"]
[EventDate "2015.01.27"]
[Round "2.60"]
[Result "0-1"]
[White "Adeyinka Adewole"]
[Black "Antoaneta Stefanova"]
[WhiteElo "1962"]
[BlackElo "2515"]
[PlyCount "61"]

1. d4 g6 2. Nf3 Bg7 3. e3 d6 4. b3 c5 5. Bb2 Nc6 6. Be2 Nh6
7. Qc1 e5 8. O-O cxd4 9. exd4 exd4 10. Bb5 Qb6 11. Re1+ Be6
12. Bc4 O-O 13. Bxe6 fxe6 14. Rxe6 Rxf3 15. gxf3 Ne5 16. Qf4
Rf8 17. Qe4 Nxf3+ 18. Kg2 Ng5 19. Qd5 Nxe6 20. Qxe6+ Kh8
21. Qe4 Qc5 22. f3 Nf7 23. h4 d5 24. Qd3 Re8 25. Na3 Re3
26. Qb5 Qe7 27. Qxd5 Qxh4 28. Qc4 Nd6 29. Qf1 Be5 30. Qf2 Qh2+
31. Kf1 0-1

[Event "Tradewise Gibraltar"]
[Site "Catalan Bay GIB"]
[Date "2015.02.02"]
[EventDate "2015.01.27"]
[Round "7.42"]
[Result "1-0"]
[White "Antoaneta Stefanova"]
[Black "Andres Guerrero Vargas"]
[WhiteElo "2515"]
[BlackElo "2320"]
[PlyCount "59"]

1. Nf3 d5 2. g3 Nc6 3. d4 Bg4 4. Bg2 Qd7 5. c4 e6 6. O-O Bxf3
7. Bxf3 Nf6 8. e3 Ne4 9. Nc3 f5 10. Nxe4 dxe4 11. Bg2 e5
12. d5 Nd8 13. f3 exf3 14. Qxf3 g6 15. e4 Bc5+ 16. Be3 Qe7
17. exf5 gxf5 18. Qh5+ Nf7 19. Bxc5 Qxc5+ 20. Kh1 O-O 21. Rxf5
Nd6 22. Qg5+ Kh8 23. Rxf8+ Rxf8 24. Qxe5+ Kg8 25. b3 Rf2
26. Re1 Nf7 27. Qc3 Kf8 28. Bh3 Rxa2 29. Bd7 Ne5 30. Qxe5 1-0

[Event "Tradewise Gibraltar"]
[Site "Catalan Bay GIB"]
[Date "2015.02.04"]
[EventDate "2015.01.27"]
[Round "9.45"]
[Result "1-0"]
[White "Antoaneta Stefanova"]
[Black "Robert Bellin"]
[WhiteElo "2515"]
[BlackElo "2338"]
[PlyCount "55"]

1. Nf3 e6 2. g3 f5 3. Bg2 Nf6 4. O-O Be7 5. c4 O-O 6. d4 c6
7. Nbd2 a5 8. b3 d6 9. Qc2 Na6 10. a3 Bd7 11. e4 fxe4 12. Nxe4
Nxe4 13. Qxe4 Nc7 14. h4 Be8 15. Ng5 Bg6 16. Qe2 Bf6 17. Be3
Qe7 18. Ne4 Bxe4 19. Bxe4 d5 20. Bc2 a4 21. bxa4 dxc4 22. Qxc4
Nd5 23. Bd2 c5 24. Rae1 Bxd4 25. Qxd5 Rxf2 26. Rxf2 Rf8
27. Qxd4 cxd4 28. Bb4 1-0